90 secs World Capitals: by Capital City directly North-East - Statistics

General Stats
  • This quiz has been taken 353 times
  • The average score is 136 of 196
Answer Stats
Capital City % Correct
Asuncion
100%
Brasilia
100%
Buenos Aires
100%
Lima
100%
Montevideo
100%
Praia
100%
Santiago
100%
Sucre
100%
Dakar
99%
Georgetown
99%
Nouakchott
99%
Paramaribo
99%
Quito
99%
Accra
98%
Banjul
98%
Bissau
98%
Bogota
98%
Caracas
98%
Monrovia
98%
Rabat
97%
Windhoek
97%
Yamoussoukro
97%
Basseterre
96%
Bridgetown
96%
Castries
96%
Conakry
96%
Freetown
96%
Kingstown
96%
Lome
96%
Niamey
96%
Ouagadougou
96%
Port-of-Spain
96%
Roseau
96%
Saint George's
96%
Saint John's
96%
Algiers
95%
Bamako
95%
Lisbon
95%
Maseru
95%
Mbabane
95%
Maputo
94%
Luanda
93%
Antananarivo
92%
Lusaka
92%
Pretoria
92%
Canberra
91%
Gaborone
91%
Panama
90%
Port Louis
90%
Tunis
90%
Wellington
90%
Abuja
89%
Apia
89%
Harare
89%
Kigali
89%
Lilongwe
89%
Madrid
89%
Mexico City
89%
Monaco
89%
San Jose
89%
Santo Domingo
89%
Suva
89%
Bujumbura
88%
Porto-Novo
88%
Rome
88%
Dodoma
87%
Kampala
87%
Nuku'alofa
87%
San Marino
86%
Sao Tome
86%
Tripoli
86%
Valletta
86%
London
85%
Vatican City
85%
Malabo
84%
Moroni
84%
Libreville
83%
Victoria
83%
Andorra la Vella
82%
Bangkok
82%
Brazzaville
82%
Juba
82%
Kinshasa
82%
Ljubljana
82%
Sarajevo
82%
Sofia
82%
Tirana
82%
Yaounde
82%
Zagreb
82%
Vienna
81%
Bangui
80%
Belgrade
80%
Kuala Lumpur
80%
Male
80%
Mogadishu
80%
Paris
80%
Singapore
80%
Skopje
80%
Jakarta
79%
Nairobi
79%
Podgorica
79%
Pristina
79%
Washington
79%
Bratislava
78%
N'Djamena
78%
Addis Ababa
77%
Bucharest
77%
Kiev
77%
Luxembourg
77%
Phnom Penh
77%
Budapest
76%
Bandar Seri Begawan
75%
Chisinau
75%
Colombo
75%
Khartoum
75%
Managua
75%
Manila
75%
Moscow
75%
Taipei
75%
Bern
74%
Nay Pyi Taw
74%
Port-au-Prince
74%
Kingston
71%
Tokyo
71%
Asmara
70%
San Salvador
70%
Tegucigalpa
69%
Djibouti
68%
Port-Vila
68%
Sana'a
68%
Guatemala City
66%
Ottawa
66%
Belmopan
64%
Berlin
64%
Cairo
64%
Amsterdam
63%
Brussels
61%
Dublin
60%
Vaduz
60%
Dhaka
59%
Beijing
57%
Copenhagen
54%
Riyadh
53%
Doha
52%
Jerusalem
52%
Prague
51%
Damascus
49%
Hanoi
48%
Oslo
48%
Vientiane
48%
Abu Dhabi
46%
Amman
46%
Muscat
46%
New Delhi
45%
Baghdad
43%
Kuwait City
43%
Tehran
43%
Manama
40%
Ankara
39%
Beirut
39%
Havana
38%
Nassau
36%
Seoul
36%
Stockholm
36%
Funafuti
35%
Helsinki
34%
Yerevan
34%
Baku
33%
Nicosia
32%
Ashgabat
31%
Reykjavik
30%
Astana
25%
Honiara
24%
Athens
23%
Warsaw
21%
Thimphu
20%
Kathmandu
19%
Port Moresby
19%
Dushanbe
17%
Tashkent
17%
Ulaanbaatar
17%
Yaren
16%
Dili
14%
Pyongyang
14%
Riga
13%
Tallinn
13%
Bishkek
12%
Islamabad
12%
Kabul
12%
Tbilisi
11%
Minsk
9%
Tarawa
9%
Palikir
8%
Vilnius
8%
Majuro
7%
Melekeok
3%
No matching quizzes found
Score Distribution
Percent of People with Each Score
Percentile by Number Answered
Your Score History
You have not taken this quiz